[Event "Navarra-chT"]
[Site "Navarra"]
[Date "2016.10.29"]
[Round "4.1"]
[White "Vila Dupla, Aurelio"]
[Black "Burguete Archel, Eduardo"]
[Result "1/2-1/2"]
[WhiteElo "2218"]
[BlackElo "2205"]
[PlyCount "88"]
[EventDate "2016.10.08"]
[EventType "team-tourn"]
[EventRounds "7"]
[EventCountry "ESP"]
[SourceTitle "CBM 175 Extra"]
[Source "ChessBase"]
[SourceDate "2016.12.12"]
[SourceVersion "1"]
[SourceVersionDate "2016.12.12"]
[SourceQuality "1"]
[WhiteTeam "Oberena"]
[BlackTeam "Paz de Ziganda"]
[WhiteTeamCountry "ESP"]
[BlackTeamCountry "ESP"]

1. Nf3 Nf6 2. c4 g6 3. g3 Bg7 4. Bg2 0-0 5. 0-0 d6 6. d4 Nbd7 7. Nc3 e5 8. e4 exd4 9. Nxd4 Re8 10. h3 a6 11. Rb1 Rb8 12. b3 c5 13. Nde2 b5 14. cxb5 axb5 15. Qxd6 b4 16. Na4 Nxe4 17. Qd3 Bb7 18. Be3 Qe7 19. Rfe1 Ne5 20. Qc2 Nd2 21. Bxd2 Bxg2 22. Kxg2 Qb7+ 23. Kg1 Nf3+ 24. Kf1 Nh2+ 25. Kg1 Nf3+ 26. Kf1 Nd4 27. Qd3 Rxe2 28. f3 Rxd2 29. Qxd2 Qxf3+ 30. Qf2 Qh1+ 31. Qg1 Qxh3+ 32. Qg2 Qf5+ 33. Qf2 Nf3 34. Kg2 Nxe1+ 35. Rxe1 Qxf2+ 36. Kxf2 Bd4+ 37. Kf3 Kf8 38. Rc1 Re8 39. Nxc5 Re3+ 40. Kf4 g5+ 41. Kg4 h5+ 42. Kxh5 Rxg3 43. Ne4 Rh3+ 44. Kxg5 Be5 1/2-1/2

[Event "Benidorm op U2300 14th"]
[Site "Benidorm"]
[Date "2015.11.30"]
[Round "3"]
[White "Burguete Archel, Eduardo"]
[Black "Ustianovich, Nazar"]
[Result "1/2-1/2"]
[WhiteElo "2219"]
[BlackElo "2290"]
[PlyCount "114"]
[EventDate "2015.11.28"]
[EventType "swiss"]
[EventRounds "10"]
[EventCountry "ESP"]
[SourceTitle "CBM 169 Extra"]
[Source "ChessBase"]
[SourceDate "2015.12.18"]
[SourceVersion "1"]
[SourceVersionDate "2015.12.18"]
[SourceQuality "1"]

1. d4 d5 2. c4 c6 3. Nf3 Nf6 4. e3 Bf5 5. Nc3 e6 6. Qb3 Qb6 7. c5 Qc7 8. Nh4 Bg6 9. Nxg6 hxg6 10. h3 b6 11. cxb6 axb6 12. Bd2 Nbd7 13. Rc1 Be7 14. Be2 0-0 15. 0-0 Qa7 16. a4 e5 17. dxe5 Nxe5 18. Rfd1 Rfd8 19. Be1 Bc5 20. Qc2 Qe7 21. Na2 Bd6 22. b4 Rac8 23. a5 Qb7 24. a6 Qa8 25. b5 cxb5 26. Qb3 Qxa6 27. Bxb5 Qa3 28. Rb1 Qxb3 29. Rxb3 Bc5 30. Bc3 Nc4 31. Nb4 Na5 32. Rbb1 Ne4 33. Be1 d4 34. exd4 Bxd4 35. Ba6 Rc7 36. Kf1 Rcd7 37. Bb5 Rd6 38. Rdc1 Bc5 39. Rb2 Nd2+ 40. Bxd2 Rxd2 41. Rxd2 Rxd2 42. Nd3 Nb3 43. Rb1 Nd4 44. Nxc5 bxc5 45. Ke1 Rc2 46. Bd3 Ra2 47. Rb8+ Kh7 48. Bc4 Ra7 49. Rc8 Re7+ 50. Kf1 Rb7 51. Ke1 Rb1+ 52. Kd2 Rb2+ 53. Ke1 Rb1+ 54. Kd2 Rb2+ 55. Ke1 Nc2+ 56. Kd1 Nd4 57. Ke1 Rb1+ 1/2-1/2

[Event "Navarra-chTA"]
[Site "Pamplona"]
[Date "2015.10.10"]
[Round "1.1"]
[White "Garbisu de Goni, Unai"]
[Black "Burguete Archel, Eduardo"]
[Result "1-0"]
[WhiteElo "2415"]
[BlackElo "2219"]
[PlyCount "49"]
[EventDate "2015.10.10"]
[EventType "team-tourn"]
[EventRounds "7"]
[EventCountry "ESP"]
[SourceTitle "CBM 169 Extra"]
[Source "ChessBase"]
[SourceDate "2015.12.18"]
[SourceVersion "1"]
[SourceVersionDate "2015.12.18"]
[SourceQuality "1"]
[WhiteTeam "Orvina"]
[BlackTeam "Paz de Ziganda"]
[WhiteTeamCountry "ESP"]
[BlackTeamCountry "ESP"]

1. e4 e5 2. Nf3 Nc6 3. Bb5 a6 4. Ba4 Nf6 5. 0-0 Bc5 6. c3 b5 7. Bb3 d6 8. a4 Bg4 9. h3 Bxf3 10. Qxf3 0-0 11. d3 Re8 12. axb5 axb5 13. Rxa8 Qxa8 14. Bg5 Qd8 15. Nd2 h6 16. Bd5 hxg5 17. Bxc6 Rf8 18. b4 Bb6 19. Ra1 Qc8 20. g4 Qe6 21. Bxb5 d5 22. exd5 Qxd5 23. Bc6 Qe6 24. Nc4 Rd8 25. Re1 1-0

[Event "Pamplona"]
[Site "Pamplona"]
[Date "2010.12.24"]
[Round "3"]
[White "Burguete Archel, Eduardo"]
[Black "Moreno Garcia, Daniel"]
[Result "1/2-1/2"]
[WhiteElo "2214"]
[BlackElo "2283"]
[PlyCount "65"]
[EventDate "2010.12.22"]
[EventType "tourn"]
[EventRounds "9"]
[EventCountry "ESP"]
[EventCategory "1"]
[SourceTitle "EXT 2012"]
[Source "ChessBase"]
[SourceDate "2011.11.24"]
[SourceVersion "1"]
[SourceVersionDate "2011.11.24"]
[SourceQuality "1"]

1. d4 d5 2. c4 e6 3. Nf3 Nf6 4. g3 dxc4 5. Bg2 Nc6 6. Qa4 Bd7 7. Qxc4 Na5 8. Qc2 Rc8 9. 0-0 c5 10. Qd1 Bc6 11. dxc5 Qxd1 12. Rxd1 Bxc5 13. Nbd2 Ne4 14. e3 Nxd2 15. Bxd2 Nc4 16. Bc3 0-0 17. Bd4 Bxd4 18. Nxd4 Bxg2 19. Kxg2 a6 20. b3 Nb6 21. Rd2 Rfd8 22. Rad1 Rd7 23. Nf3 Rcd8 24. Rxd7 Rxd7 25. Rxd7 Nxd7 26. Nd2 Kf8 27. Kf1 Ke7 28. Ke2 Ne5 29. f4 Nc6 30. a3 e5 31. Kd3 f5 32. Kc4 Kd6 33. Kd3 1/2-1/2

[Event "Pamplona San Juan op 4th"]
[Site "Pamplona"]
[Date "2010.07.29"]
[Round "5"]
[White "Burguete Archel, Eduardo"]
[Black "Ipatov, Alexander"]
[Result "0-1"]
[WhiteElo "2206"]
[BlackElo "2507"]
[PlyCount "128"]
[EventDate "2010.07.26"]
[EventType "swiss"]
[EventRounds "9"]
[EventCountry "ESP"]
[SourceTitle "CBM 137 Extra"]
[Source "ChessBase"]
[SourceDate "2010.09.01"]
[SourceVersion "1"]
[SourceVersionDate "2010.09.01"]
[SourceQuality "1"]

1. e4 d5 2. exd5 Qxd5 3. Nc3 Qd6 4. d4 Nf6 5. Bc4 a6 6. Nge2 b5 7. Bf4 Qd7 8. Bb3 Bb7 9. 0-0 Nc6 10. a3 0-0-0 11. Qd3 Nxd4 12. Nxd4 Qxd4 13. Qxd4 Rxd4 14. Be3 Rd8 15. Bxf7 e5 16. Rad1 Be7 17. Be6+ Kb8 18. Rxd8+ Rxd8 19. Rd1 Rxd1+ 20. Nxd1 Be4 21. Bb3 Bg6 22. c4 Bf7 23. Bd2 Ne4 24. Be1 Bxc4 25. Bxc4 bxc4 26. f3 Bc5+ 27. Kf1 Nd6 28. Bc3 Bd4 29. Ke2 Kb7 30. f4 Nb5 31. a4 Nxc3+ 32. bxc3 Bg1 33. fxe5 Bxh2 34. Kf3 Bxe5 35. Ke4 Bf6 36. Kd5 h5 37. Kxc4 Kc6 38. Ne3 g5 39. Nd5 Be5 40. Nb4+ Kb6 41. a5+ Kb7 42. Nd3 Bg3 43. Nc5+ Ka7 44. Ne4 Bf4 45. g3 Bd6 46. Nxg5 Bxg3 47. Nh3 Kb7 48. Kd5 h4 49. Ng5 Be1 50. Kc4 Kc6 51. Nh3 Kd6 52. Ng5 Bg3 53. Kd4 Be5+ 54. Kc4 Bf6 55. Ne4+ Ke5 56. Kd3 Be7 57. Ke3 Kd5 58. Kd3 h3 59. c4+ Kc6 60. Kd4 Bd6 61. Kc3 h2 62. Nf2 Bg3 63. Nh1 Be1+ 64. Kb3 Kc5 0-1

[Event "Pamplona op"]
[Site "Pamplona"]
[Date "2008.12.28"]
[Round "8"]
[White "Burguete Archel, Eduardo"]
[Black "Aguinaga Ruiz, Jesus Luis"]
[Result "1-0"]
[WhiteElo "2176"]
[BlackElo "1997"]
[PlyCount "61"]
[EventDate "2008.12.22"]
[EventType "swiss"]
[EventRounds "9"]
[EventCountry "ESP"]
[SourceTitle "CBM 127 Extra"]
[Source "ChessBase"]
[SourceDate "2009.01.08"]
[SourceVersion "2"]
[SourceVersionDate "2009.01.28"]
[SourceQuality "1"]

1. e4 Nc6 2. Nc3 Nf6 3. f4 d5 4. e5 d4 5. exf6 dxc3 6. fxg7 cxd2+ 7. Qxd2 Qxd2+ 8. Bxd2 Bxg7 9. 0-0-0 Bg4 10. Re1 0-0-0 11. Bd3 e5 12. f5 Nd4 13. Rf1 f6 14. Nf3 Rhe8 15. Nxd4 exd4 16. Rf2 Rd5 17. h3 Bh5 18. Bc4 Bf7 19. Bxd5 Bxd5 20. Re1 Rxe1+ 21. Bxe1 Kd7 22. Bd2 Bf8 23. Rf4 c5 24. Rh4 Bg8 25. c3 d3 26. c4 a6 27. Bc3 Ke7 28. Kd2 b5 29. b3 bxc4 30. bxc4 Kf7 31. Kxd3 1-0

[Event "Pamplona op"]
[Site "Pamplona"]
[Date "2008.12.27"]
[Round "7"]
[White "Duran Fernandez, Emilio"]
[Black "Burguete Archel, Eduardo"]
[Result "0-1"]
[WhiteElo "1789"]
[BlackElo "2176"]
[PlyCount "56"]
[EventDate "2008.12.22"]
[EventType "swiss"]
[EventRounds "9"]
[EventCountry "ESP"]
[SourceTitle "CBM 127 Extra"]
[Source "ChessBase"]
[SourceDate "2009.01.08"]
[SourceVersion "2"]
[SourceVersionDate "2009.01.28"]
[SourceQuality "1"]

1. c4 Nf6 2. Nc3 g6 3. e4 d6 4. d4 Bg7 5. f4 0-0 6. Nf3 Na6 7. Bd3 c5 8. dxc5 Nxc5 9. Be3 Qa5 10. 0-0 Ng4 11. Qe2 Nxe3 12. Qxe3 Bxc3 13. bxc3 Qxc3 14. Rad1 Nxd3 15. Rxd3 Qxc4 16. f5 Qc5 17. Rd4 Kg7 18. Rc1 Qb6 19. Kh1 e5 20. f6+ Kxf6 21. Qg5+ Kg7 22. h4 exd4 23. h5 h6 24. Qg3 Be6 25. e5 Rac8 26. Rf1 Qb5 27. Rf2 Rc1+ 28. Kh2 Qb1 0-1

[Event "ESP-ch Universities"]
[Site "Madrid"]
[Date "2008.05.10"]
[Round "7"]
[White "Llaneza Vega, Marcos"]
[Black "Burguete Archel, Eduardo"]
[Result "1-0"]
[WhiteElo "2425"]
[BlackElo "2179"]
[PlyCount "97"]
[EventDate "2008.05.08"]
[EventType "swiss"]
[EventRounds "9"]
[EventCountry "ESP"]
[SourceTitle "CBM 124 Extra"]
[Source "ChessBase"]
[SourceDate "2008.07.03"]
[SourceVersion "1"]
[SourceVersionDate "2008.07.03"]
[SourceQuality "1"]

1. e4 e5 2. Nf3 Nc6 3. Nc3 Nf6 4. Bb5 Bd6 5. 0-0 0-0 6. a3 Re8 7. d3 h6 8. Ne2 Bf8 9. Ng3 g6 10. c3 Bg7 11. Qe2 d5 12. exd5 Nxd5 13. Re1 Qe7 14. Bd2 Bd7 15. c4 Nb6 16. Bc3 Qd8 17. Qc2 Nd4 18. Nxd4 exd4 19. Bxd7 Qxd7 20. Bd2 Rxe1+ 21. Rxe1 Re8 22. Rxe8+ Qxe8 23. b3 Nd7 24. Kf1 Ne5 25. Bf4 Qe7 26. b4 a5 27. Bd2 axb4 28. axb4 Kh7 29. h3 Qd7 30. Be1 Qc6 31. Qe2 Qa4 32. f4 Nc6 33. b5 Nb4 34. Bxb4 Qxb4 35. h4 h5 36. Ne4 f6 37. g3 c6 38. bxc6 bxc6 39. f5 Qb1+ 40. Kg2 gxf5 41. Qxh5+ Kg8 42. Qxf5 Kf7 43. Ng5+ Ke7 44. Qe6+ Kd8 45. Qg8+ Kc7 46. Qxg7+ Kb6 47. Ne6 Ka6 48. Nc5+ Kb6 49. Qb7+ 1-0

[Event "ESP-ch Universities"]
[Site "Madrid"]
[Date "2008.05.08"]
[Round "1"]
[White "Devesa Raris, Victor Hugo"]
[Black "Burguete Archel, Eduardo"]
[Result "0-1"]
[WhiteElo "1903"]
[BlackElo "2179"]
[PlyCount "50"]
[EventDate "2008.05.08"]
[EventType "swiss"]
[EventRounds "9"]
[EventCountry "ESP"]
[SourceTitle "CBM 124 Extra"]
[Source "ChessBase"]
[SourceDate "2008.07.03"]
[SourceVersion "1"]
[SourceVersionDate "2008.07.03"]
[SourceQuality "1"]

1. e4 e5 2. Nf3 Nc6 3. Bb5 a6 4. Ba4 Nf6 5. 0-0 Bc5 6. d3 b5 7. Bb3 d6 8. a4 Bg4 9. c3 0-0 10. h3 Bxf3 11. Qxf3 Na5 12. Bc2 b4 13. Nd2 Rb8 14. Qd1 d5 15. d4 exd4 16. e5 Ne4 17. Nxe4 dxe4 18. cxd4 Qxd4 19. Qg4 Qxe5 20. Bf4 Qe7 21. Bg5 f6 22. Bh4 Rbe8 23. Rfe1 Qf7 24. Qf5 Re5 25. Qf4 g5 0-1

[Event "Euskadi-ch"]
[Site "Zornotza"]
[Date "2008.03.30"]
[Round "7"]
[White "Burguete Archel, Eduardo"]
[Black "Prieto Aranguren, Alain"]
[Result "0-1"]
[WhiteElo "2173"]
[BlackElo "2177"]
[PlyCount "90"]
[EventDate "2008.03.24"]
[EventType "swiss"]
[EventRounds "7"]
[EventCountry "ESP"]
[SourceTitle "CBM 123 Extra"]
[Source "ChessBase"]
[SourceDate "2008.05.06"]
[SourceVersion "1"]
[SourceVersionDate "2008.05.06"]
[SourceQuality "1"]

1. e4 c6 2. d4 d5 3. exd5 cxd5 4. c4 Nf6 5. Nc3 e6 6. Nf3 Be7 7. cxd5 Nxd5 8. Bd3 0-0 9. 0-0 Nc6 10. Re1 Bf6 11. Be4 Nce7 12. Qe2 Bd7 13. Bd3 Bc6 14. Ne4 Nf5 15. Nxf6+ Qxf6 16. Rd1 Nb4 17. Bb1 Bd5 18. Ne5 Nc6 19. Qg4 Nxe5 20. dxe5 Qxe5 21. Bf4 Qxb2 22. Bxf5 exf5 23. Qg3 Qb5 24. Bh6 Qb2 25. Be3 f6 26. Bc5 Rf7 27. Ba3 Qb5 28. Rac1 Bc6 29. Rc5 Qa4 30. Rdc1 f4 31. Qc3 Qe4 32. Qh3 Re8 33. Rf1 f3 34. g3 Qd3 35. Bb4 Bb5 36. Rfc1 Rd7 37. Rc8 Rdd8 38. Rxd8 Rxd8 39. Qe6+ Kh8 40. h4 Re8 41. Qf7 Qd7 42. Qh5 Qh3 43. Qxf3 Bc6 44. Rxc6 bxc6 45. Qxc6 Rc8 0-1

[Event "Euskadi-ch"]
[Site "Zornotza"]
[Date "2008.03.28"]
[Round "5"]
[White "Burguete Archel, Eduardo"]
[Black "Alcaide Luque, Aitor"]
[Result "1-0"]
[WhiteElo "2173"]
[BlackElo "2169"]
[PlyCount "61"]
[EventDate "2008.03.24"]
[EventType "swiss"]
[EventRounds "7"]
[EventCountry "ESP"]
[SourceTitle "CBM 123 Extra"]
[Source "ChessBase"]
[SourceDate "2008.05.06"]
[SourceVersion "1"]
[SourceVersionDate "2008.05.06"]
[SourceQuality "1"]

1. e4 e6 2. d4 d5 3. e5 c5 4. c3 Nc6 5. Nf3 Bd7 6. Be2 Nge7 7. Na3 Ng6 8. Nc2 Be7 9. 0-0 0-0 10. Rb1 cxd4 11. cxd4 f6 12. exf6 Bxf6 13. b4 a6 14. Bd3 Be8 15. a4 e5 16. b5 e4 17. bxc6 Bxc6 18. Be2 exf3 19. Bxf3 Bxa4 20. Rxb7 Rc8 21. Rb2 Nh4 22. Bg4 Rc4 23. Qd2 Re8 24. Be2 Rxe2 25. Qxe2 Qc8 26. Bf4 Rxc2 27. Rxc2 Qxc2 28. Qe6+ Kh8 29. Rc1 h6 30. Rxc2 Bxc2 31. Qc8+ 1-0

[Event "Euskadi-ch"]
[Site "Zornotza"]
[Date "2008.03.25"]
[Round "2"]
[White "Burguete Archel, Eduardo"]
[Black "Gonzalez de la Torre, Santiago"]
[Result "0-1"]
[WhiteElo "2173"]
[BlackElo "2389"]
[PlyCount "78"]
[EventDate "2008.03.24"]
[EventType "swiss"]
[EventRounds "7"]
[EventCountry "ESP"]
[SourceTitle "CBM 123 Extra"]
[Source "ChessBase"]
[SourceDate "2008.05.06"]
[SourceVersion "1"]
[SourceVersionDate "2008.05.06"]
[SourceQuality "1"]

1. e4 c5 2. a3 g6 3. b4 Bg7 4. Nc3 b6 5. Rb1 Nc6 6. g3 d6 7. Bg2 Bb7 8. Nge2 e6 9. 0-0 Nge7 10. Na4 Qd7 11. b5 Nd4 12. c4 0-0 13. d3 Nxe2+ 14. Qxe2 d5 15. Bb2 d4 16. Bc1 e5 17. Bd2 Rae8 18. Nb2 f5 19. f3 f4 20. g4 Bf6 21. Be1 h5 22. h3 Kf7 23. Qd2 Rh8 24. Kf2 hxg4 25. hxg4 Nc8 26. Ke2 Rh2 27. Kd1 Reh8 28. Kc2 Nd6 29. Kb3 Ke6 30. Rf2 Bh4 31. Re2 Nf7 32. Bxh4 R8xh4 33. a4 a5 34. bxa6 Bxa6 35. Ka3 Nd6 36. Nd1 Qc6 37. Qc1 Rh8 38. Reb2 Ra8 39. Rxb6 Qxa4+ 0-1

[Event "Pamplona 2nd"]
[Site "Pamplona"]
[Date "2007.12.07"]
[Round "8"]
[White "Fayard, Alain"]
[Black "Burguete Archel, Eduardo"]
[Result "1-0"]
[WhiteElo "2360"]
[BlackElo "2187"]
[PlyCount "61"]
[EventDate "2007.12.02"]
[EventType "tourn"]
[EventRounds "9"]
[EventCountry "ESP"]
[EventCategory "6"]
[SourceTitle "CBM 121 Extra"]
[Source "ChessBase"]
[SourceDate "2008.01.10"]
[SourceVersion "1"]
[SourceVersionDate "2008.01.10"]
[SourceQuality "1"]

1. d4 Nf6 2. c4 e6 3. Nc3 c5 4. d5 exd5 5. cxd5 d6 6. Nf3 g6 7. Nd2 Bg7 8. e4 0-0 9. Be2 Re8 10. 0-0 a6 11. a4 Nbd7 12. Qc2 Qe7 13. f4 Rb8 14. Kh1 h5 15. a5 Ng4 16. Nd1 Bd4 17. Ra3 Ndf6 18. h3 Nxd5 19. hxg4 hxg4 20. g3 Kg7 21. Ra4 Nb4 22. Rxb4 cxb4 23. Qd3 Ba7 24. b3 Qd8 25. Bb2+ f6 26. Kg2 Be6 27. Ne3 Qxa5 28. Nxg4 Bxg4 29. Bxg4 Rbd8 30. Nf3 Qc5 31. Bd4 1-0